书目信息 |
| 题名: |
中华本草
|
|
| 作者: | 国家中医药管理局《中华本草》编委会 编 | |
| 分册: | 上册 | |
| 出版信息: | 上海 上海科学技术出版社 1998.1 |
|
| 页数: | 1328页 | |
| 开本: | 16开 | |
| 丛书名: | ||
| 单 册: | ||
| 中图分类: | R281.3 | |
| 科图分类: | ||
| 主题词: | 中药学 | |
| 电子资源: | ||
| ISBN: | 7-5323-4434-7 | |
| 000 | 00678nam0 2200205 45 | |
| 001 | 0011151434 | |
| 005 | 20031219104047.4 | |
| 010 | @a7-5323-4434-7@b精装@dCNY180.00 | |
| 100 | @a20001115d1998 km y0chiy0120 ea | |
| 101 | 0 | @achi |
| 105 | @a z 000yy | |
| 200 | 1 | @a中华本草@h上册@AZhong Hua Ben Cao@f国家中医药管理局《中华本草》编委会编@FGuo Jia Zhong Yi Yao Guan Li Ju《Zhong Hua Ben Cao》Bian Wei Hui Bian |
| 205 | @a精选本 | |
| 210 | @a上海@c上海科学技术出版社@d1998.1 | |
| 215 | @a1328页@c插图@d16开 | |
| 606 | 0 | @a中药学 |
| 690 | @aR281.3@v1 | |
| 701 | 0 | @a国家中医药管理局《中华本草》编委会@4编 |
| 801 | @aCN@bTSTC@c20001115 | |
| 905 | @b280269-270@dR281.3@e115:1@f2 | |
| 中华本草.上册/国家中医药管理局《中华本草》编委会编.-精选本.-上海:上海科学技术出版社,1998.1 |
| 1328页:插图;16开 |
| ISBN 7-5323-4434-7(精装):CNY180.00 |
| ● |
| 相关链接 |
|
|
|
|
正题名:中华本草
索取号:R281.3/115:1
 
预约/预借
| 序号 | 登录号 | 条形码 | 馆藏地/架位号 | 状态 | 备注 |
| 1 | 0280269 | 002802694 | 工具书阅览室/ [索取号:R281.3/115:1] | 在馆 | |
| 2 | 0280270 | 002802701 | 第二样本阅览室/ [索取号:R281.3/115:1] | 在馆 |